| 000 | 00615nam a2200205 i 4500 | ||
|---|---|---|---|
| 001 | 31508 | ||
| 003 | ES-MaACL | ||
| 005 | 20250928114434.0 | ||
| 007 | t| | ||
| 008 | 030129s1985 sp ||||1| spa d | ||
| 020 | _a84-85848-79-9 | ||
| 100 | 1 |
_aBenet i Jornet, Josep M. _927545 |
|
| 245 | 1 | 3 |
_aEl manuscrito de Ali Bey / _cJosep M. Benet i Jornet ; traducción: Mercedes Abad. |
| 260 |
_aMadrid : _bPreyson, _c1985. |
||
| 300 |
_a106 p. ; _c16 cm. |
||
| 600 | 1 | 4 |
_aAli Bey el Abbassi, _d1767-1822 _919912 |
| 700 | 1 |
_aAbad, Mercedes, _917909 |
|
| 852 |
_aES-MaACL _jL-9188 _bR.110564 |
||
| 999 |
_c31508 _d31508 |
||